00233nam a2200097Ia 4500008004100000100001900041245003500060260002400095300000800119650000800127191201s2007 xx 000 0 und d aOBRIEN,James A 0aManagement Information Systems aN. DelhibTMHc2007 a617 aMBA